Eine humane gesellschaft durch digitale technologien? /
Gardado en:
| Autor Principal: | |
|---|---|
| Formato: | Libro |
| Idioma: | German |
| Etiquetas: |
Engadir etiqueta
Sen Etiquetas, Sexa o primeiro en etiquetar este rexistro!
|
MARC
| LEADER | 00000nam a22000007a 4500 | ||
|---|---|---|---|
| 003 | cru CIDCACS/IIS | ||
| 005 | 20170512141830.0 | ||
| 007 | ta | ||
| 008 | 170512s2015 gw ||||| |||| 00| 0 ger d | ||
| 040 | |c cru CIDCACS/IIS | ||
| 100 | 1 | |9 4693 |a Schäfer-Gümbel, Thorsten | |
| 245 | 1 | |a Eine humane gesellschaft durch digitale technologien? / |c Thorsten Schäfer-Gümbel | |
| 300 | |a páginas 35-38 | ||
| 773 | 0 | |0 19298 |9 792 |d Alemania: Verlag J.H.W. Dietz Nachf 1985- |o R17868 |t Neue Gesellschaft: | |
| 942 | |2 ddc |c PP | ||
| 999 | |c 19305 |d 19305 | ||
